[Event "12th 4NCL Congress Open"]
[Site "Harrogate"]
[Date "2017.01.07"]
[Round "2"]
[Board "8"]
[White "Webster, Richard J"]
[Black "Jayawarna, Nugith"]
[Result "1/2-1/2"]
[WhiteElo "1934"]
[BlackElo "2093"]
[PlyCount "57"]
[EventDate "2017.01.06"]
[EventRounds "5"]
[EventCountry "ENG"]

1. c4 c5 2. Nf3 Nc6 3. d4 cxd4 4. Nxd4 g6 5. Nc3 Bg7 6. Nc2 Nf6 7. e4 d6 8. Be2
O-O 9. O-O b6 10. Be3 Bb7 11. Qd2 Rc8 12. b3 a6 13. f3 Ne5 14. Rac1 Re8 15.
Rfd1 Ned7 16. Qe1 Qc7 17. Nb4 Nc5 18. Nbd5 Nxd5 19. Nxd5 Bxd5 20. cxd5 Qb7 21.
Qd2 b5 22. Rc2 b4 23. Bc4 Ra8 24. Qe2 Reb8 25. Qf2 Rc8 26. Rdc1 Bc3 27. Qe2
Rcb8 28. a4 Rc8 29. Kf1 1/2-1/2

[Event "12th 4NCL Congress Open"]
[Site "Harrogate"]
[Date "2017.01.07"]
[Round "2"]
[Board "9"]
[White "Dong, Bao Nghia"]
[Black "Dossett, Christopher S"]
[Result "1-0"]
[WhiteElo "2084"]
[BlackElo "1931"]
[PlyCount "76"]
[EventDate "2017.01.06"]
[EventRounds "5"]
[EventCountry "ENG"]

1. d4 Nf6 2. Nf3 g6 3. Bf4 Bg7 4. h3 c5 5. c3 b6 6. e3 Bb7 7. Nbd2 O-O 8. a4 a6
9. Bd3 d6 10. O-O Nbd7 11. Qe2 Re8 12. e4 Nh5 13. Bh2 e5 14. Nc4 Qc7 15. Rad1
Nf4 16. Qc2 Nxd3 17. Qxd3 b5 18. axb5 axb5 19. Na3 c4 20. Qb1 Qb6 21. Rfe1 Re7
22. dxe5 dxe5 23. Nc2 f5 24. Nb4 fxe4 25. Rxe4 Nc5 26. Re3 e4 27. Ng5 h6 28.
Bd6 Rd7 29. Bxc5 Rxd1+ 30. Qxd1 Qxc5 31. Nxe4 Qf8 32. Ng3 Rd8 33. Qe1 Bf6 34.
Nf1 Bg5 35. Re5 Bf4 36. Re7 Bc8 37. Nc6 Bd6 38. Re2 Bg3 1-0

[Event "12th 4NCL Congress Open"]
[Site "Harrogate"]
[Date "2017.01.07"]
[Round "2"]
[Board "10"]
[White "Cohen, Gerald M"]
[Black "Mort, Andrew J"]
[Result "1-0"]
[WhiteElo "2035"]
[BlackElo "1895"]
[PlyCount "51"]
[EventDate "2017.01.06"]
[EventRounds "5"]
[EventCountry "ENG"]

1. d4 d5 2. Bf4 e6 3. e3 Bd6 4. Bxd6 Qxd6 5. Nc3 Nf6 6. Bd3 O-O 7. Nf3 Nc6 8.
Nb5 Qe7 9. Ne5 a6 10. Nc3 Nb4 11. Be2 c5 12. Na4 cxd4 13. exd4 Qc7 14. c3 Nc6
15. f4 Nxe5 16. fxe5 Nd7 17. b4 f6 18. O-O fxe5 19. Rxf8+ Nxf8 20. dxe5 Qxe5
21. Qd2 Nd7 22. Re1 Qd6 23. c4 Nf6 24. c5 Qc6 25. Nb6 Rb8 26. Qf4 1-0

[Event "12th 4NCL Congress Open"]
[Site "Harrogate"]
[Date "2017.01.07"]
[Round "2"]
[Board "11"]
[White "Winter, Kevin"]
[Black "Laws, Darren C"]
[Result "1/2-1/2"]
[WhiteElo "1818"]
[BlackElo "2012"]
[PlyCount "43"]
[EventDate "2017.01.06"]
[EventRounds "5"]
[EventCountry "ENG"]

1. d4 e6 2. Nf3 c5 3. e4 cxd4 4. Nxd4 Nf6 5. Nc3 Nc6 6. Be3 Bb4 7. Bd3 Qa5 8.
Nb3 Bxc3+ 9. bxc3 Qxc3+ 10. Bd2 Qe5 11. f4 Qh5 12. Qxh5 Nxh5 13. e5 g6 14. Nc5
f5 15. Rb1 O-O 16. O-O b6 17. Na4 Ng7 18. Bc3 Ne8 19. Bb2 Nc7 20. Ba3 Rd8 21.
Nc3 Ba6 22. Rfd1 1/2-1/2

[Event "12th 4NCL Congress Open"]
[Site "Harrogate"]
[Date "2017.01.07"]
[Round "2"]
[Board "12"]
[White "Sheppard, Derek A"]
[Black "Wells, Jonathan C"]
[Result "1/2-1/2"]
[WhiteElo "1802"]
[BlackElo "2012"]
[PlyCount "34"]
[EventDate "2017.01.06"]
[EventRounds "5"]
[EventCountry "ENG"]

1. d4 Nf6 2. Nf3 g6 3. Bf4 Bg7 4. e3 O-O 5. Be2 d6 6. h3 c5 7. c3 Qb6 8. Qb3
Qxb3 9. axb3 Nc6 10. Nbd2 Re8 11. Bh2 b6 12. Nc4 Bb7 13. O-O Ne4 14. Nfd2 Nxd2
15. Nxd2 Na5 16. Rfd1 cxd4 17. exd4 d5 1/2-1/2

[Event "12th 4NCL Congress Open"]
[Site "Harrogate"]
[Date "2017.01.07"]
[Round "2"]
[Board "13"]
[White "Hilton, Tim"]
[Black "Press, Shaun"]
[Result "1-0"]
[WhiteElo "1786"]
[BlackElo "1994"]
[PlyCount "85"]
[EventDate "2017.01.06"]
[EventRounds "5"]
[EventCountry "ENG"]

1. c4 Nf6 2. g3 e5 3. Bg2 c6 4. Nf3 e4 5. Nd4 d5 6. cxd5 cxd5 7. O-O Bc5 8. Nb3
Bb6 9. Nc3 Nc6 10. d3 exd3 11. Qxd3 Ne5 12. Qd1 Be6 13. Nd4 O-O 14. Na4 h6 15.
b3 Rc8 16. Bb2 Bxd4 17. Qxd4 Nc6 18. Qd2 Ne4 19. Qe3 Re8 20. Rfd1 Qg5 21. Qxg5
Nxg5 22. Nc3 Rcd8 23. Kf1 Rd7 24. Nxd5 Red8 25. Ne3 Nb4 26. Rxd7 Rxd7 27. Bc3
Nd5 28. Nxd5 Bxd5 29. Bxd5 Rxd5 30. f3 Ne6 31. Ke1 Rh5 32. h4 Rc5 33. Rc1 a6
34. Bb2 Ra5 35. a3 Rb5 36. b4 a5 37. Rc3 a4 38. Rc8+ Kh7 39. Ra8 Nc7 40. Rxa4
Rd5 41. Ra7 Rb5 42. Kd2 f6 43. Bc3 1-0

[Event "12th 4NCL Congress Open"]
[Site "Harrogate"]
[Date "2017.01.07"]
[Round "2"]
[Board "14"]
[White "Simpson, Derek"]
[Black "Doran, Chris"]
[Result "0-1"]
[WhiteElo "1617"]
[BlackElo "1987"]
[PlyCount "78"]
[EventDate "2017.01.06"]
[EventRounds "5"]
[EventCountry "ENG"]

1. d4 Nf6 2. Nf3 g6 3. c4 Bg7 4. Nc3 O-O 5. e4 d6 6. Be2 e5 7. d5 a5 8. Bg5 h6
9. Bh4 Na6 10. O-O Qe8 11. Nd2 Bd7 12. Re1 Nh7 13. f3 h5 14. Nf1 Bh6 15. Bf2
Qe7 16. Be3 Bxe3+ 17. Nxe3 Nc5 18. Nf1 h4 19. Ne3 f5 20. Rf1 Qg5 21. Qd2 h3 22.
Bd1 fxe4 23. Nxe4 Nxe4 24. fxe4 hxg2 25. Rf2 Rxf2 26. Qxf2 Rf8 27. Qg3 Qxg3 28.
hxg3 Ng5 29. Kxg2 Bh3+ 30. Kg1 Nxe4 31. Bc2 Nxg3 32. Bxg6 Ne2+ 33. Kh2 Rf3 34.
Bh5 Rxe3 35. Bxe2 Rxe2+ 36. Kxh3 Rxb2 37. Rc1 Rxa2 38. c5 Rd2 39. cxd6 cxd6 0-1

[Event "12th 4NCL Congress Open"]
[Site "Harrogate"]
[Date "2017.01.07"]
[Round "2"]
[Board "15"]
[White "Bin-Suhayl, Ieysaa"]
[Black "Towers, Brian"]
[Result "1-0"]
[WhiteElo "1988"]
[BlackElo "1793"]
[PlyCount "89"]
[EventDate "2017.01.06"]
[EventRounds "5"]
[EventCountry "ENG"]

1. Nf3 d5 2. c4 e6 3. g3 dxc4 4. Qa4+ Bd7 5. Qxc4 c5 6. Qc2 Bc6 7. Bg2 Nf6 8.
O-O Be7 9. Rd1 Nbd7 10. b3 Rc8 11. Bb2 Qc7 12. d3 O-O 13. Nbd2 b6 14. Rac1 Nd5
15. a3 Bf6 16. e4 Ne7 17. d4 cxd4 18. Nxd4 Bxd4 19. Bxd4 e5 20. Bc3 Nc5 21. Nc4
f6 22. Bb4 Rfd8 23. Rxd8+ Rxd8 24. Ne3 Be8 25. Bxc5 bxc5 26. Qxc5 Qxc5 27. Rxc5
Rd3 28. Bf1 Rd4 29. Nd5 Kf8 30. Nxe7 Kxe7 31. Rc7+ Rd7 32. Rxd7+ Bxd7 33. Bc4
Kd6 34. b4 Kc7 35. Kf1 Kb6 36. Ke2 Bb5 37. Kd3 a6 38. Kc3 Ba4 39. Bb3 Bc6 40.
f3 g5 41. Kd3 Be8 42. Bc4 Bb5 43. Bxb5 axb5 44. g4 Kc6 45. Kc3 1-0

[Event "12th 4NCL Congress Open"]
[Site "Harrogate"]
[Date "2017.01.07"]
[Round "2"]
[Board "16"]
[White "Bielby, Paul R"]
[Black "Wynarczyk, Raymond"]
[Result "1-0"]
[WhiteElo "1929"]
[BlackElo "1966"]
[PlyCount "53"]
[EventDate "2017.01.06"]
[EventRounds "5"]
[EventCountry "ENG"]

1. e4 e5 2. f4 Bc5 3. Nf3 d6 4. c3 Nc6 5. b4 Bb6 6. b5 Nb8 7. d4 exd4 8. cxd4
Bg4 9. Be3 Nf6 10. h3 Bxf3 11. Qxf3 Qe7 12. Bd3 Ba5+ 13. Nd2 Nbd7 14. O-O O-O-O
15. Nc4 Bb6 16. a4 c5 17. bxc6 bxc6 18. e5 dxe5 19. Qxc6+ Kb8 20. fxe5 Rc8 21.
Qb5 Rxc4 22. Bxc4 Kc8 23. Qc6+ Kb8 24. Bf2 Nh5 25. Bd5 Nf8 26. Qa8+ Kc7 27.
Rac1+ 1-0

[Event "12th 4NCL Congress Open"]
[Site "Harrogate"]
[Date "2017.01.06"]
[Round "1"]
[Board "1"]
[White "Wells, Jonathan C"]
[Black "Gormally, Daniel W"]
[Result "1/2-1/2"]
[WhiteElo "2012"]
[BlackElo "2493"]
[PlyCount "91"]
[EventDate "2017.01.06"]
[EventRounds "5"]
[EventCountry "ENG"]

1. d4 Nf6 2. c4 g6 3. g3 Bg7 4. Bg2 O-O 5. Nc3 d6 6. Nf3 c6 7. O-O Qa5 8. e4
Bg4 9. h3 Bxf3 10. Qxf3 Nfd7 11. Qd3 c5 12. Be3 Nc6 13. Ne2 Rac8 14. d5 Nce5
15. Qc2 b5 16. cxb5 Qxb5 17. b3 Nd3 18. Rab1 Nb4 19. Qd2 Qa6 20. a4 Ne5 21.
Rfd1 Qb7 22. f4 Nd7 23. Nc3 a5 24. Bf1 Nb6 25. Bc4 Qd7 26. Bf1 f5 27. exf5 Qxf5
28. Bg2 Bxc3 29. Qxc3 N4xd5 30. Qd2 Nxe3 31. Qxe3 Rc7 32. Rbc1 Ra7 33. Kh2 Kg7
34. h4 Qf7 35. Qc3+ Qf6 36. Qe3 Rb8 37. Re1 Kf8 38. Rc2 Rc8 39. Rd2 Rcc7 40.
Bh3 Rab7 41. f5 Kg7 42. fxg6 Qxg6 43. Rf1 e5 44. Bf5 Qf7 45. Bh3 Qg6 46. Bf5
 1/2-1/2

[Event "12th 4NCL Congress Open"]
[Site "Harrogate"]
[Date "2017.01.06"]
[Round "1"]
[Board "2"]
[White "Wall, Tim P"]
[Black "Bin-Suhayl, Ieysaa"]
[Result "1-0"]
[WhiteElo "2191"]
[BlackElo "1988"]
[PlyCount "75"]
[EventDate "2017.01.06"]
[EventRounds "5"]
[EventCountry "ENG"]

1. e4 e6 2. d4 d5 3. Nd2 Nf6 4. Bd3 c5 5. c3 cxd4 6. cxd4 dxe4 7. Nxe4 Nxe4 8.
Bxe4 Nd7 9. Nf3 Nf6 10. Bc2 Bd6 11. O-O Bd7 12. Re1 Nd5 13. a3 Bc6 14. Ne5 Bxe5
15. dxe5 Qb6 16. Qg4 g6 17. Qh4 h5 18. Rb1 Rc8 19. Bg5 Qb5 20. Be4 Qb3 21. Bf6
Rg8 22. Bg5 Rh8 23. h3 Kd7 24. Bxd5 Bxd5 25. Be7 Rce8 26. Qf6 Qc2 27. Rbd1 Rh7
28. Rxd5+ exd5 29. Qd6+ Kc8 30. Bg5 f6 31. Rc1 Qxc1+ 32. Bxc1 fxe5 33. Qxd5 Rd7
34. Qb3 e4 35. Bf4 b6 36. Qa4 Re6 37. Qc4+ Kb7 38. Qxe6 1-0

[Event "12th 4NCL Congress Open"]
[Site "Harrogate"]
[Date "2017.01.06"]
[Round "1"]
[Board "3"]
[White "Garnett, John S"]
[Black "Jones, Steven A"]
[Result "1/2-1/2"]
[WhiteElo "1975"]
[BlackElo "2175"]
[PlyCount "100"]
[EventDate "2017.01.06"]
[EventRounds "5"]
[EventCountry "ENG"]

1. d4 Nf6 2. Bg5 c5 3. d5 Ne4 4. Bf4 Qb6 5. Nd2 Nxd2 6. Bxd2 Qxb2 7. e4 Qe5 8.
Bd3 c4 9. Nf3 Qc7 10. Be2 e5 11. dxe6 dxe6 12. Bc3 Nd7 13. O-O b5 14. Rb1 Rb8
15. Qd2 Bb7 16. Rxb5 Bxe4 17. Rxb8+ Qxb8 18. Rd1 Bc6 19. Bxc4 Be7 20. Qe3 Nb6
21. Bb3 Qb7 22. Ne1 Bf6 23. Bxf6 gxf6 24. Bxe6 Qe7 25. Bb3 Qxe3 26. fxe3 Ke7
27. Nf3 Rc8 28. Nd4 Be4 29. Rd2 Nc4 30. Bxc4 Rxc4 31. Nb5 Rc5 32. Nxa7 Bb7 33.
a4 Ra5 34. Nb5 Rxa4 35. Nd6 Ba6 36. Nf5+ Ke6 37. Nd4+ Ke5 38. Kf2 Rc4 39. Rd1
Bb7 40. Ra1 Be4 41. Ra7 Bxc2 42. Rxf7 Be4 43. Re7+ Kd5 44. Ra7 Rb4 45. Ra2 Ke5
46. g4 Rc4 47. Ra5+ Bd5 48. g5 fxg5 49. Nf3+ Kd6 50. Nxg5 Rc2+ 1/2-1/2

[Event "12th 4NCL Congress Open"]
[Site "Harrogate"]
[Date "2017.01.06"]
[Round "1"]
[Board "4"]
[White "Moreby, James E"]
[Black "Pein, Jonathan"]
[Result "1/2-1/2"]
[WhiteElo "2158"]
[BlackElo "1971"]
[PlyCount "120"]
[EventDate "2017.01.06"]
[EventRounds "5"]
[EventCountry "ENG"]

1. e4 d5 2. exd5 Qxd5 3. Nc3 Qa5 4. Bc4 Nf6 5. Nf3 Bg4 6. h3 Bh5 7. O-O Nc6 8.
Bb5 a6 9. Bxc6+ bxc6 10. d4 e6 11. Qd3 Bd6 12. Bd2 Bg6 13. Qc4 Qb6 14. b3 Nd5
15. Ne5 Bxe5 16. dxe5 O-O 17. Rac1 Nxc3 18. Qxc3 Rad8 19. Be3 Qb7 20. Bg5 Rd5
21. Qe3 Qb4 22. c4 Rd3 23. Qe2 h6 24. Be3 Rfd8 25. Rfd1 Qa5 26. Rxd3 Rxd3 27.
Qb2 Qb4 28. Kh2 a5 29. Qe2 a4 30. Rd1 Qc3 31. Rxd3 Bxd3 32. Qd2 Qxe5+ 33. Bf4
Qe2 34. Qxe2 Bxe2 35. Bxc7 axb3 36. axb3 c5 37. Bd6 Bd1 38. b4 cxb4 39. Bxb4
Bb3 40. c5 Bd5 41. Kg3 f6 42. f3 Kf7 43. Kf2 Ke8 44. h4 Kd7 45. h5 Kc6 46. Ba3
Bb3 47. Ke3 Kd5 48. c6 Kxc6 49. Bf8 Kd7 50. Bxg7 Ke7 51. Bxh6 Kf7 52. Kf2 Bc2
53. Bd2 Bh7 54. g4 Bc2 55. Bc3 Bh7 56. Ke3 Bc2 57. Bb2 Bh7 58. f4 Bc2 59. g5
fxg5 60. fxg5 Bh7 1/2-1/2

[Event "12th 4NCL Congress Open"]
[Site "Harrogate"]
[Date "2017.01.06"]
[Round "1"]
[Board "6"]
[White "Shaw, Peter"]
[Black "Bielby, Paul R"]
[Result "1-0"]
[WhiteElo "2120"]
[BlackElo "1929"]
[PlyCount "73"]
[EventDate "2017.01.06"]
[EventRounds "5"]
[EventCountry "ENG"]

1. d4 Nf6 2. c4 e5 3. dxe5 Ng4 4. Bf4 g5 5. Bg3 Bg7 6. Nf3 Nc6 7. e3 Ngxe5 8.
Nxe5 Nxe5 9. Nc3 d6 10. Be2 Be6 11. Rc1 O-O 12. b3 f5 13. f3 c6 14. O-O Qe7 15.
Bf2 Rad8 16. Qc2 Ng6 17. Rfe1 Qf6 18. Bf1 b6 19. Ne2 d5 20. Nd4 Ne7 21. Nxe6
Qxe6 22. cxd5 cxd5 23. b4 Rc8 24. Qb3 Rxc1 25. Rxc1 Rc8 26. Rxc8+ Nxc8 27. Qc2
Qd7 28. Bb5 Qxb5 29. Qxc8+ Bf8 30. Qe6+ Kg7 31. Qxf5 Bxb4 32. Qxg5+ Kf7 33.
Qf5+ Ke8 34. Qxh7 Qe2 35. Qh5+ Kf8 36. Qf5+ Ke8 37. Qe5+ 1-0

[Event "12th 4NCL Congress Open"]
[Site "Harrogate"]
[Date "2017.01.06"]
[Round "1"]
[Board "7"]
[White "Mort, Andrew J"]
[Black "Jarmany, John"]
[Result "1/2-1/2"]
[WhiteElo "1895"]
[BlackElo "2118"]
[PlyCount "39"]
[EventDate "2017.01.06"]
[EventRounds "5"]
[EventCountry "ENG"]

1. c4 c6 2. g3 d5 3. Bg2 Nf6 4. Nf3 e6 5. O-O Be7 6. b3 O-O 7. Bb2 Nbd7 8. d4
Qc7 9. Nbd2 Rd8 10. Qc2 a5 11. Rfe1 a4 12. e4 dxe4 13. Nxe4 Nxe4 14. Qxe4 Bb4
15. Red1 a3 16. Bc1 Nf6 17. Qc2 h6 18. Bf4 Bd6 19. Bxd6 Qxd6 20. Ne5 1/2-1/2

[Event "12th 4NCL Congress Open"]
[Site "Harrogate"]
[Date "2017.01.06"]
[Round "1"]
[Board "8"]
[White "Burnett, Jim"]
[Black "Han, Yichen"]
[Result "1-0"]
[WhiteElo "2110"]
[BlackElo "1820"]
[PlyCount "101"]
[EventDate "2017.01.06"]
[EventRounds "5"]
[EventCountry "ENG"]

1. d4 Nf6 2. c4 g6 3. g3 Bg7 4. Bg2 O-O 5. Nc3 d6 6. Nf3 Nbd7 7. O-O e5 8. e4
Nh5 9. Re1 f5 10. exf5 gxf5 11. dxe5 dxe5 12. Nxe5 Nxe5 13. Qxh5 c6 14. Qe2 Be6
15. b3 Bf7 16. Bb2 Qd3 17. Na4 Qxe2 18. Rxe2 Rfe8 19. f4 Nd3 20. Rxe8+ Rxe8 21.
Bxg7 Kxg7 22. Bf1 Re1 23. Rxe1 Nxe1 24. Kf2 Nc2 25. Bd3 Nb4 26. Bb1 Bg6 27. Nc5
b6 28. Nd7 c5 29. Ne5 Bh5 30. Ke1 a5 31. a3 Na6 32. Bxf5 Nb8 33. Kd2 Be8 34. g4
a4 35. bxa4 Bxa4 36. g5 Be8 37. h4 Nc6 38. Nxc6 Bxc6 39. Ke3 h6 40. Be4 Bd7 41.
f5 hxg5 42. hxg5 b5 43. cxb5 Bxb5 44. Bd5 Be8 45. Bc4 Kh7 46. Kf4 Kg7 47. Ke5
Kf8 48. f6 Bg6 49. a4 Be8 50. a5 Bc6 51. g6 1-0

[Event "12th 4NCL Congress Open"]
[Site "Harrogate"]
[Date "2017.01.06"]
[Round "1"]
[Board "9"]
[White "Towers, Brian"]
[Black "Prior, Stephen Cv"]
[Result "0-1"]
[WhiteElo "1793"]
[BlackElo "2043"]
[PlyCount "52"]
[EventDate "2017.01.06"]
[EventRounds "5"]
[EventCountry "ENG"]

1. d4 Nf6 2. Nf3 d5 3. Bf4 c5 4. c3 Nc6 5. e3 Qb6 6. Qc1 Bf5 7. Be2 h6 8. h3 e6
9. O-O Be7 10. Nbd2 O-O 11. Bd1 Ne4 12. dxc5 Nxc5 13. Bc2 Nd3 14. Bxd3 Bxd3 15.
Ne5 Nxe5 16. Bxe5 f6 17. Bg3 e5 18. Nb3 Rfd8 19. Qd2 Bg6 20. Kh1 a5 21. f4 a4
22. Nc1 a3 23. b3 exf4 24. exf4 Be4 25. Bf2 Qe6 26. Ne2 Qxh3+ 0-1